00480nam a2200145 a 45000010005000000030009000050080041000140400028000550820013000831000065000962450083001612600044002443000022002886500024003109368CO-ViMGA141112s2004 ck r 000 u spa d aCO-ViMGAbspacCO-ViMGA04a907 A6271 aCaro, Miguel Antonio, Jose Manuel Marroquin, Lucas Caballero10aAntología del pensamiento colombiano. Siglo XX, La apertura a la modernidad. aBogotá : bBanco de Colombia, c1990. a247p. : il. color14aHISTORIA, COLOMBIA.